Vplyv účinku nízkoteplotnej atmosférickej plazmy na fotografie

Enregistré dans:
Détails bibliographiques
Auteur principal: Olejárová, Jana (Auteur)
Autres auteurs: Jančovičová, Viera (Directeur de thèse)
Format: Manuscrit Livre
Langue:slovaque
Publié: 2018
Sujets:
Accès en ligne:http://is.stuba.sk/zp/portal_zp.pl?podrobnosti=136353
Tags: Ajouter un tag
Pas de tags, Soyez le premier à ajouter un tag!

MARC

LEADER 00000ntm a22000003a 4500
001 stuzp69878
003 SK-STU
005 20180602211418.8
007 ta
008 150427s2015----xo-----f-mn---000-0-slo-d
040 |a STU  |b slo 
041 0 |a slo 
100 1 |a Olejárová, Jana  |u 049160  |k Z4  |4 aut  |U FCHPT Ústav prírodných a syntetických polymérov  |T FCHPT Oddelenie polygrafie a aplikovanej fotochémie  |X 61173  |U C9160  |Y 127  |7 61173 
242 0 1 |a The influence of low temperature plasma on photography  |y eng 
245 1 0 |a Vplyv účinku nízkoteplotnej atmosférickej plazmy na fotografie 
260 |c 2018 
650 4 |a urýchlené starnutie  |2 slo 
650 4 |a ADRE plazma  |2 slo 
650 4 |a ATR FTIR  |2 slo 
650 4 |a čiernobiela želatínová fotografia  |2 slo 
650 4 |a black-and-white silver gelatin prints  |2 eng 
650 4 |a ADRE plasma  |2 eng 
650 4 |a accelerated weathering  |2 eng 
650 4 |a ATR FTIR  |2 eng 
700 1 |a Jančovičová, Viera  |u 049160  |k Z1  |4 ths  |U FCHPT Ústav prírodných a syntetických polymérov  |T FCHPT Oddelenie polygrafie a aplikovanej fotochémie  |X 3376  |U C9160  |Y 127  |7 A000003376 
856 4 |u http://is.stuba.sk/zp/portal_zp.pl?podrobnosti=136353